| 000 | 00485nam a2200169Ia 4500 | ||
|---|---|---|---|
| 008 | 230917s9999||||xx |||||||||||||| ||und|| | ||
| 020 | _cRS800 | ||
| 040 |
_e229828 _aMAIN |
||
| 041 | _aEnglish | ||
| 082 | _a785.0954 C392U | ||
| 100 | _aChaturvedi, Vibha | ||
| 245 | 0 | _aUttar bharatiya tantra vadya evam vadan shailiyon ka vikas | |
| 260 |
_aVaranasi _bManeesha Prakashan _c2012 |
||
| 300 | _avi, 200 p. | ||
| 500 | _a2234 24/12/2015 SP15/6042 25/12/2015 Main Budget | ||
| 942 | _cBK | ||
| 999 |
_c17127 _d17127 |
||